00876nam a2200205 a 4500008004100000020001500041050001700056100001900073245010400092250001200196260004200208300002400250350000900274650001600283650002000299700001900319995015000338995016500488999001700653120416s1998 ||||||||||||||||| || u a0201178192 aTS 155.6 Mac aBrowne, Jimmie10aCADCAM: principles, practice, and manufacturing management -- 2nd ed.cChris McMahon; Jimmie Browne a2nd ed. aHarlow, EnglandbAddison-Wesleyc1998 axxii, 665 p. : ill. a0.00 aENGINEERING aCAD/CAM SYSTEMS aMcMahon, Chris aMAIN LIBRARY OPEN ACCESSD0.00e733491FCBU-MAIN LIBRARY (Kitwe)H1I0.00jTS 155.6 MacM1UAVAILABLEy45093ZMain Library Open Access Collection aMAIN LIBRARY OPEN ACCESSD0.00e738744FCBU-MAIN LIBRARY (Kitwe)H1I0.00jTS 155.6 MACM2UAVAILABLEWSep 25, 2008y738744ZMain Library Open Access Collection c79099d79099